Statistics for Country Neighbour Connect: With More Borders, starting with China

Click here to take the quiz!

General Stats

  • This quiz has been taken 120 times
  • The average score is 95 of 154

Answer Stats

COUNTRY % Correct
China
100%
Russia
100%
Poland
80%
Germany
80%
France
80%
Brazil
79%
Argentina
79%
Venezuela
77%
Suriname
77%
Guyana
77%
Colombia
77%
Peru
77%
Bolivia
77%
El Salvador
73%
Iran
73%
Turkey
73%
Bulgaria
73%
Serbia
73%
Hungary
73%
Austria
73%
Italy
73%
Chile
73%
Canada
73%
Panama
73%
Honduras
73%
Ecuador
73%
United States
73%
Costa Rica
73%
Nicaragua
73%
Guatemala
73%
Mexico
73%
Belize
73%
Uruguay
71%
Paraguay
71%
Afghanistan
70%
Uzbekistan
68%
Kazakhstan
68%
Kyrgyzstan
68%
East Timor
67%
Indonesia
67%
Vietnam
67%
Papua New Guinea
67%
Brunei
67%
Malaysia
67%
Tajikistan
67%
Cambodia
67%
Laos
67%
Burma
67%
India
67%
Pakistan
67%
Turkmenistan
67%
Thailand
67%
Israel
65%
Zambia
65%
Tanzania
65%
Democratic Republic of the Congo
65%
Central African Republic
65%
Sudan
65%
Egypt
65%
Syria
65%
Saudi Arabia
65%
Nepal
65%
Bhutan
65%
Bangladesh
65%
Jordan
65%
Côte d'Ivoire
64%
Mauritania
64%
Senegal
64%
Guinea
64%
Togo
64%
Burkina Faso
64%
Benin
64%
Nigeria
64%
Ghana
64%
Liberia
64%
Tunisia
64%
Libya
64%
Algeria
64%
Namibia
64%
Iraq
64%
Mozambique
64%
Mali
64%
Botswana
64%
South Africa
64%
Angola
64%
Cameroon
64%
Chad
64%
Niger
64%
Republic of the Congo
62%
Sierra Leone
62%
Guinea-Bissau
62%
Gambia
62%
Equatorial Guinea
61%
Spain
61%
Andorra
61%
Portugal
59%
Ireland
59%
United Kingdom
59%
Morocco
59%
Ethiopia
58%
Eritrea
58%
Djibouti
58%
Gabon
58%
South Sudan
58%
Malawi
56%
Lesotho
56%
Uganda
56%
Rwanda
56%
Burundi
56%
Swaziland
56%
Somalia
56%
Kenya
55%
Zimbabwe
55%
Kuwait
53%
Yemen
53%
United Arab Emirates
53%
Oman
53%
Azerbaijan
52%
Armenia
52%
Georgia
52%
Lebanon
52%
Qatar
50%
Greece
50%
Slovenia
48%
Kosovo
48%
Bosnia and Herzegovina
48%
Montenegro
48%
Croatia
48%
Albania
48%
Macedonia
48%
San Marino
47%
Liechtenstein
47%
Switzerland
47%
Czech Republic
47%
Slovakia
47%
Estonia
47%
Lithuania
47%
Latvia
47%
Belarus
47%
Ukraine
47%
Belgium
45%
Luxembourg
45%
Netherlands
45%
Vatican City
45%
Romania
45%
Moldova
44%
Monaco
44%
Denmark
44%
Finland
44%
Norway
44%
Sweden
44%
North Korea
44%
South Korea
44%
Mongolia
42%

Score Distribution

Percentile by Number Answered

Percent of People with Each Score

Your Score History

You have not taken this quiz